Rich Homie Quan Discography - Statistics

General Stats
  • This quiz has been taken 10 times
  • The average score is 5 of 10
Answer Stats
Year Name Type % Correct
2015 ABTA: Still Going In Mixtape
71%
2012 I Go In On Every Song Mixtape
71%
2013 I Promise I Will Never Stop Going In Mixtape
71%
2012 Still Goin In Mixtape
71%
2017 Back to the Basics Mixtape
57%
2018 Rich As In Spirit Album
57%
2015 If You Ever Think I Will Stop Goin' In Ask RR (Royal Rich) Mixtape
43%
2013 Still Goin In: Reloaded Mixtape
43%
2015 Summer Sampler EP
29%
2015 DTSpacely Made This Mixtape
14%
No matching quizzes found
Score Distribution
Percent of People with Each Score
Percentile by Number Answered
Your Score History
You have not taken this quiz